| 000 | 00865nam a2200217 a 4500 | ||
|---|---|---|---|
| 005 | 20241105063724.0 | ||
| 008 | 121121s2002 mx r 000 0 spa d | ||
| 020 | _a9701872975 | ||
| 035 | _aUPN01000188870 | ||
| 049 | _aCG | ||
| 050 | 4 |
_aLB1578.427 T6.3 _bE3.8 |
|
| 245 | 0 | 3 |
_aLa educación intercultural bilingüe : _bcuaderno de trabajo para las niñas y los niños de educación primaria indígena : tercero y cuarto grados : Tojol-ab'al Chiapas / _cVictor D. Mora Sandoval ... [et al.] ; tr. Francisco Perez Hernández. |
| 260 |
_aMéxico : _bSEP : _bDGEI, _c2002. |
||
| 300 |
_a214 p. : _bil. col. |
||
| 650 | 4 |
_aTOJOLABAL - _vLIBROS DE TEXTO _924073 |
|
| 650 | 4 |
_aEducación bilingüe _zMéxico _915022 |
|
| 650 | 4 |
_aEducación intercultural _zMéxico _914189 |
|
| 700 | 1 |
_aMora Sandoval, Víctor D., _ecoaut. _931577 |
|
| 905 | _aLibro | ||
| 999 |
_c160973 _d160973 |
||